000 00563nam a22001932 4500
001 0000008398
005 20151217145840.0
008 080409s xx 000 0 eng d
020 _a8184042981 :
_cKES 3250
040 _aKABU
_cKABU
100 1 _aGralla, Preston.
_@0000045240
245 1 0 _aWindows vista in a nutshell /
_cPreston Gralla.
260 _aMumbai :
_bSPD,
_c2007.
300 _axvi, 732 p.
650 0 _aMicrosoft Windows (Computer file)
_@0000148402
908 _a080409
950 _@1
999 _c3252
_d3252